[Event "Internet Section 14-A"]
[Site "Dos Hermanas"]
[Date "2003.03.14"]
[Round "2"]
[White "Nilsson, Lars Kjoller"]
[Black "Mekhitarian, Krikor Sevag"]
[Result "1-0"]
[WhiteElo "2067"]
[BlackElo "2248"]
[PlyCount "167"]
[EventDate "2003.03.14"]
[EventType "swiss (blitz)"]
[EventRounds "9"]
[EventCountry "ESP"]
[SourceTitle "EXT 2004"]
[Source "ChessBase"]
[SourceDate "2003.11.25"]
[SourceVersion "1"]
[SourceVersionDate "2003.11.25"]
[SourceQuality "1"]

1. e4 c5 2. Nf3 d6 3. d4 cxd4 4. Nxd4 Nf6 5. Nc3 a6 6. f4 e5 7. Nb3 Nbd7 8. Be2
Be7 9. O-O O-O 10. Be3 exf4 11. Rxf4 Ne5 12. Nd4 Be6 13. Nf5 Bxf5 14. Rxf5 Rc8
15. Kh1 h6 16. Qd2 Nfg4 17. Bg1 Bg5 18. Qd5 b5 19. Rd1 Be7 20. a3 Nf6 21. Qd2
Qc7 22. Rc1 Rfe8 23. Bd3 Nc4 24. Bxc4 Qxc4 25. Qd4 Qxd4 26. Bxd4 Rc4 27. Rd1
Rd8 28. Bb6 Rdc8 29. Bd4 R4c6 30. Rd2 Nd7 31. Rdf2 f6 32. Nd5 Bd8 33. c3 a5 34.
h4 Rb8 35. g4 Nf8 36. g5 hxg5 37. hxg5 Nd7 38. g6 Ne5 39. Rh2 Nxg6 40. Rg2 Kf7
41. Rh5 Be7 42. Rh7 Bf8 43. Nxf6 Ke6 44. Nd5 Ne5 45. Nf4+ Kf7 46. Nh5 Re8 47.
Nxg7 Bxg7 48. Rgxg7+ Kf6 49. Rg2 Ke6 50. Rb7 Re7 51. Rxb5 Rc8 52. Bxe5 dxe5 53.
Rxa5 Rh8+ 54. Kg1 Rf8 55. Rd5 Ref7 56. Rd1 Rf4 57. Re1 Rh8 58. a4 Rfh4 59. a5
Rh1+ 60. Kf2 Rf8+ 61. Ke2 Rh4 62. Kd3 Rc8 63. Rge2 Rh3+ 64. Re3 Rh7 65. b4 Rd7+
66. Kc2 Rb7 67. Kb3 Rd7 68. R1e2 Rd1 69. Ra2 Rb1+ 70. Ka4 Rc1 71. Ra3 Rd1 72.
a6 Rd7 73. b5 Rc4+ 74. Ka5 Rdc7 75. Kb6 Rc8 76. a7 Ra8 77. Kb7 Rcc8 78. Ra6+
Ke7 79. c4 Rd8 80. c5 Rac8 81. a8=Q Rd7+ 82. Kb6 Rxa8 83. Rxa8 Kf7 84. Ka5 1-0

[Event "Internet Section 14-B"]
[Site "Dos Hermanas"]
[Date "2003.03.14"]
[Round "1"]
[White "Illes, Sandor"]
[Black "Mekhitarian, Krikor Sevag"]
[Result "0-1"]
[WhiteElo "1988"]
[BlackElo "2248"]
[PlyCount "62"]
[EventDate "2003.03.14"]
[EventType "swiss (blitz)"]
[EventRounds "9"]
[EventCountry "ESP"]
[SourceTitle "EXT 2004"]
[Source "ChessBase"]
[SourceDate "2003.11.25"]
[SourceVersion "1"]
[SourceVersionDate "2003.11.25"]
[SourceQuality "1"]

1. e4 c5 2. Nf3 d6 3. d4 cxd4 4. Nxd4 Nf6 5. Nc3 a6 6. Bg5 e6 7. f4 Nbd7 8. Qf3
Qc7 9. O-O-O b5 10. a3 Bb7 11. Kb1 O-O-O 12. g4 Kb8 13. Bg2 Nb6 14. Bh4 Rc8 15.
Rd2 Nc4 16. Rd3 Be7 17. g5 Nd7 18. Bg3 Nc5 19. Ndxb5 axb5 20. Nxb5 Qb6 21. a4
Nxd3 22. Qxd3 d5 23. exd5 exd5 24. f5+ Ka8 25. Bxd5 Bxd5 26. Qxd5+ Qc6 27. Qd1
Rhd8 28. Qe1 Nd2+ 29. Ka2 Qc4+ 30. Ka1 Qxa4+ 31. Na3 Bxa3 0-1

[Event "Internet Section 14-B"]
[Site "Dos Hermanas"]
[Date "2003.03.14"]
[Round "3"]
[White "Bhat, Vinay S"]
[Black "Mekhitarian, Krikor Sevag"]
[Result "1-0"]
[WhiteElo "2431"]
[BlackElo "2248"]
[PlyCount "63"]
[EventDate "2003.03.14"]
[EventType "swiss (blitz)"]
[EventRounds "9"]
[EventCountry "ESP"]
[SourceTitle "EXT 2004"]
[Source "ChessBase"]
[SourceDate "2003.11.25"]
[SourceVersion "1"]
[SourceVersionDate "2003.11.25"]
[SourceQuality "1"]

1. e4 c5 2. Nf3 d6 3. Bb5+ Bd7 4. Bxd7+ Qxd7 5. c3 Nc6 6. O-O Nf6 7. Qe2 e6 8.
d4 cxd4 9. cxd4 d5 10. e5 Ne4 11. Nbd2 Nxd2 12. Bxd2 Be7 13. Rad1 O-O 14. h4 h6
15. h5 Rac8 16. a3 a6 17. Qe3 b5 18. Nh2 Qa7 19. Bc3 a5 20. Ng4 b4 21. axb4
axb4 22. Be1 Na5 23. Nxh6+ gxh6 24. Qxh6 Qa6 25. f4 Qe2 26. Rf3 Qxf3 27. gxf3
Nc4 28. Kh1 Ne3 29. Bh4 Nxd1 30. Bf6 Bxf6 31. exf6 Nf2+ 32. Kg2 1-0

[Event "Internet Section 14-B"]
[Site "Dos Hermanas"]
[Date "2003.03.14"]
[Round "5"]
[White "Giaccio, Alfredo Gustavo"]
[Black "Mekhitarian, Krikor Sevag"]
[Result "1-0"]
[WhiteElo "2468"]
[BlackElo "2248"]
[PlyCount "81"]
[EventDate "2003.03.14"]
[EventType "swiss (blitz)"]
[EventRounds "9"]
[EventCountry "ESP"]
[SourceTitle "EXT 2004"]
[Source "ChessBase"]
[SourceDate "2003.11.25"]
[SourceVersion "1"]
[SourceVersionDate "2003.11.25"]
[SourceQuality "1"]

1. e4 c5 2. Nf3 d6 3. d4 cxd4 4. Nxd4 Nf6 5. Nc3 a6 6. Bc4 e6 7. a3 Be7 8. Ba2
O-O 9. O-O Qc7 10. f4 b5 11. f5 e5 12. Nde2 Bb7 13. Ng3 Nbd7 14. Bg5 Rac8 15.
Nh5 Qd8 16. Bxf6 Nxf6 17. Nxf6+ Bxf6 18. Bd5 Bg5 19. Bxb7 Qb6+ 20. Kh1 Qxb7 21.
Nd5 Kh8 22. c3 Rc4 23. Qf3 Bd8 24. Rad1 f6 25. Rd3 Bb6 26. Rfd1 Ba7 27. Qe2
Rfc8 28. Rh3 Qf7 29. Rh4 a5 30. b3 R4c5 31. Rd3 a4 32. b4 Rc4 33. Rdh3 h6 34.
Rg4 Bd4 35. Qd2 Kh7 36. Rg6 h5 37. Rxh5+ Kg8 38. Qh6 Kf8 39. Qh8+ Qg8 40. Rxf6+
gxf6 41. Qxf6+ 1-0

[Event "Internet Section 14-B"]
[Site "Dos Hermanas"]
[Date "2003.03.14"]
[Round "8"]
[White "Mekhitarian, Krikor Sevag"]
[Black "Vukanovic, Sasa"]
[Result "0-1"]
[WhiteElo "2248"]
[BlackElo "2348"]
[PlyCount "107"]
[EventDate "2003.03.14"]
[EventType "swiss (blitz)"]
[EventRounds "9"]
[EventCountry "ESP"]
[SourceTitle "EXT 2004"]
[Source "ChessBase"]
[SourceDate "2003.11.25"]
[SourceVersion "1"]
[SourceVersionDate "2003.11.25"]
[SourceQuality "1"]

1. e4 Nf6 2. e5 Nd5 3. d4 d6 4. c4 Nb6 5. exd6 cxd6 6. Nc3 g6 7. Be3 Bg7 8. Rc1
O-O 9. b3 e5 10. dxe5 dxe5 11. Qxd8 Rxd8 12. c5 N6d7 13. Nf3 Nc6 14. Bc4 Nf8
15. Ng5 Rd7 16. O-O h6 17. Nge4 Nd4 18. Rfd1 Nfe6 19. b4 a6 20. Bxe6 Nxe6 21.
Rxd7 Bxd7 22. Nd5 Bc6 23. Ne7+ Kf8 24. Nxc6 bxc6 25. Rd1 Nd4 26. Bxd4 exd4 27.
Kf1 a5 28. a3 axb4 29. axb4 Rb8 30. Rb1 Ke7 31. Ke2 Ke6 32. Kd3 Kd5 33. Nd6 f5
34. Nc4 Be5 35. g3 Bc7 36. Nd2 Ra8 37. Rb3 Ra2 38. Rb1 Ra4 39. Nc4 Ra8 40. Re1
Rb8 41. Re7 Rxb4 42. Rd7+ Kxc5 43. Rxc7 Rb3+ 44. Kc2 Rc3+ 45. Kd2 Rxc4 46. Rg7
Kd5 47. Rxg6 c5 48. Rxh6 Ra4 49. h4 Ra2+ 50. Ke1 c4 51. Rh5 Ke4 52. Rh8 c3 53.
Re8+ Kd3 54. Kd1 0-1

[Event "Internet Section 14-B"]
[Site "Dos Hermanas"]
[Date "2003.03.15"]
[Round "9"]
[White "Szmetan, Ricardo"]
[Black "Mekhitarian, Krikor Sevag"]
[Result "1-0"]
[WhiteElo "2288"]
[BlackElo "2248"]
[PlyCount "89"]
[EventDate "2003.03.14"]
[EventType "swiss (blitz)"]
[EventRounds "9"]
[EventCountry "ESP"]
[SourceTitle "EXT 2004"]
[Source "ChessBase"]
[SourceDate "2003.11.25"]
[SourceVersion "1"]
[SourceVersionDate "2003.11.25"]
[SourceQuality "1"]

1. d4 Nf6 2. Nf3 g6 3. Bf4 Bg7 4. e3 O-O 5. Be2 d6 6. h3 Nc6 7. O-O Nd7 8. c4
e5 9. Bh2 Re8 10. Nc3 e4 11. Nd2 f5 12. Rb1 Nf6 13. b4 Bd7 14. b5 Ne7 15. a4 g5
16. c5 d5 17. a5 Ng6 18. b6 cxb6 19. axb6 a6 20. Bc7 Qe7 21. Nb3 f4 22. Na5 f3
23. gxf3 Bxh3 24. fxe4 Nh4 25. exd5 Ne4 26. Qb3 Kh8 27. Nxe4 Qxe4 28. f3 Qg6
29. Qd3 Qh5 30. Rf2 g4 31. fxg4 Bxg4 32. Qd1 Bxe2 33. Qxe2 Qg6+ 34. Kh2 Qxb1
35. d6 Rg8 36. d7 Qg6 37. d8=Q Rgxd8 38. Bxd8 Rxd8 39. Nxb7 Rf8 40. Rxf8+ Bxf8
41. Qf2 Be7 42. Na5 Qe8 43. b7 Qb8+ 44. Qf4 Qg8 45. Qe5+ 1-0

[Event "Internet Section 17-A"]
[Site "Dos Hermanas"]
[Date "2003.03.17"]
[Round "3"]
[White "Mekhitarian, Krikor Sevag"]
[Black "Rychagov, Andrey"]
[Result "0-1"]
[WhiteElo "2248"]
[BlackElo "2551"]
[PlyCount "64"]
[EventDate "2003.03.17"]
[EventType "swiss (blitz)"]
[EventRounds "9"]
[EventCountry "ESP"]
[SourceTitle "EXT 2004"]
[Source "ChessBase"]
[SourceDate "2003.11.25"]
[SourceVersion "1"]
[SourceVersionDate "2003.11.25"]
[SourceQuality "1"]

1. e4 c5 2. Nf3 e6 3. Nc3 Nc6 4. Bb5 Nd4 5. O-O a6 6. Bd3 Ne7 7. Nxd4 cxd4 8.
Ne2 Nc6 9. c3 dxc3 10. bxc3 Be7 11. Bc2 d5 12. exd5 exd5 13. d4 Bd6 14. Nf4 Ne7
15. Qh5 h6 16. Kh1 Bxf4 17. Bxf4 Be6 18. Be5 O-O 19. Rae1 Qd7 20. Bxg7 Kxg7 21.
Qe5+ Kg8 22. Qg3+ Kh8 23. Qe5+ Kg8 24. Qg3+ Kh8 25. Qh4 Ng8 26. Qf4 Rae8 27.
Re3 f6 28. Rg3 Re7 29. Re1 Rg7 30. Rxg7 Kxg7 31. Re3 Kh8 32. Rh3 Bxh3 0-1

[Event "Internet Section 17-A"]
[Site "Dos Hermanas"]
[Date "2003.03.17"]
[Round "5"]
[White "Mekhitarian, Krikor Sevag"]
[Black "Nogueiras Santiago, Jesus"]
[Result "0-1"]
[WhiteElo "2248"]
[BlackElo "2528"]
[PlyCount "126"]
[EventDate "2003.03.17"]
[EventType "swiss (blitz)"]
[EventRounds "9"]
[EventCountry "ESP"]
[SourceTitle "EXT 2004"]
[Source "ChessBase"]
[SourceDate "2003.11.25"]
[SourceVersion "1"]
[SourceVersionDate "2003.11.25"]
[SourceQuality "1"]

1. e4 d6 2. d4 g6 3. Nc3 Bg7 4. Nf3 Nf6 5. Bc4 O-O 6. Qe2 c6 7. O-O d5 8. Bd3
Bg4 9. e5 Nfd7 10. h3 Bxf3 11. Qxf3 e6 12. Ne2 c5 13. c3 Nc6 14. Bd2 Qb6 15.
Qe3 c4 16. Bc2 Qxb2 17. Rac1 Ndxe5 18. dxe5 Nxe5 19. Nd4 Nc6 20. Nxc6 bxc6 21.
Ba4 Rfc8 22. Rb1 Qa3 23. Bd1 Rab8 24. Bf3 Qe7 25. Rfe1 Qc7 26. Qg5 Qd8 27.
Qxd8+ Rxd8 28. Bf4 e5 29. Bg5 Re8 30. Bd2 e4 31. Be2 Rb6 32. Rxb6 axb6 33. Rb1
b5 34. Kf1 Ra8 35. Rb2 f5 36. Ke1 Ra3 37. Rc2 Kf7 38. Kd1 Be5 39. Kc1 Ke6 40.
Kb1 c5 41. f3 Kd6 42. fxe4 fxe4 43. Bf1 d4 44. Rc1 e3 45. cxd4 Bxd4 46. Be1 Ke5
47. Be2 h5 48. Rd1 Ra7 49. Bg3+ Ke6 50. Rf1 Ra4 51. Be1 Ra7 52. Bh4 Kd5 53.
Bf3+ Ke6 54. Be1 b4 55. Be2 Kd5 56. Bd1 b3 57. axb3 Ra1+ 58. Kc2 cxb3+ 59. Kxb3
Rxd1 60. Kc2 e2 61. Rh1 c4 62. g4 h4 63. g5 Ke4 0-1

[Event "Internet Section 17-A"]
[Site "Dos Hermanas"]
[Date "2003.03.17"]
[Round "6"]
[White "Kauppila, Osmo"]
[Black "Mekhitarian, Krikor Sevag"]
[Result "0-1"]
[WhiteElo "2209"]
[BlackElo "2248"]
[PlyCount "116"]
[EventDate "2003.03.17"]
[EventType "swiss (blitz)"]
[EventRounds "9"]
[EventCountry "ESP"]
[SourceTitle "EXT 2004"]
[Source "ChessBase"]
[SourceDate "2003.11.25"]
[SourceVersion "1"]
[SourceVersionDate "2003.11.25"]
[SourceQuality "1"]

1. e4 c5 2. Nf3 d6 3. d4 cxd4 4. Nxd4 Nf6 5. Nc3 a6 6. Bc4 e6 7. Bb3 b5 8. Bg5
Be7 9. Qf3 Qb6 10. O-O-O Qb7 11. Rhe1 O-O 12. a3 Bd7 13. e5 Qxf3 14. Nxf3 dxe5
15. Nxe5 Bc6 16. f3 Ra7 17. Rd3 h6 18. Bh4 g5 19. Bf2 Rb7 20. Red1 a5 21. Nxc6
Nxc6 22. a4 Nb4 23. R3d2 bxa4 24. Nxa4 Rc8 25. Nb6 Rc6 26. Nd7 Nfd5 27. Ne5 Rc8
28. Rd4 Bc5 29. Rc4 Rbc7 30. Bxc5 Rxc5 31. Rxc5 Rxc5 32. Nd3 Nxd3+ 33. Rxd3 Nf4
34. Rd2 Re5 35. Kd1 Kg7 36. g3 Nh3 37. c3 Re3 38. Rd7 Kf6 39. Ra7 Rxf3 40. Rxa5
Rf2 41. Bc2 Rxh2 42. b4 Ng1 43. b5 Ne2 44. Ra3 Ke7 45. b6 Kd7 46. b7 Kc7 47.
Be4 f5 48. Ra8 Nxc3+ 49. Kc1 Ne2+ 50. Kd1 Nc3+ 51. Kc1 Ne2+ 52. Kd1 Nc3+ 53.
Ke1 Rh1+ 54. Kd2 Nxe4+ 55. Kc2 Rh2+ 56. Kc1 Rh1+ 57. Kc2 Rh2+ 58. Kc1 Kxb7 0-1

[Event "Internet Section 17-A"]
[Site "Dos Hermanas"]
[Date "2003.03.17"]
[Round "9"]
[White "Mekhitarian, Krikor Sevag"]
[Black "Schiller, Eric Andrew"]
[Result "1/2-1/2"]
[WhiteElo "2248"]
[BlackElo "2199"]
[PlyCount "190"]
[EventDate "2003.03.17"]
[EventType "swiss (blitz)"]
[EventRounds "9"]
[EventCountry "ESP"]
[SourceTitle "EXT 2004"]
[Source "ChessBase"]
[SourceDate "2003.11.25"]
[SourceVersion "1"]
[SourceVersionDate "2003.11.25"]
[SourceQuality "1"]

1. e4 c6 2. d4 d5 3. Nc3 dxe4 4. Nxe4 Bf5 5. Ng3 Bg6 6. Bc4 e6 7. N1e2 Bd6 8.
h4 h6 9. Nf4 Bh7 10. Nfh5 g6 11. Nf4 Be7 12. h5 g5 13. Nfe2 Nf6 14. O-O Nbd7
15. c3 Nb6 16. Bb3 Qc7 17. f4 Ng4 18. fxg5 hxg5 19. Rf3 Nh6 20. Bc2 Bxc2 21.
Qxc2 f5 22. Bd2 O-O-O 23. Re1 f4 24. Nf1 Bf6 25. Nc1 e5 26. dxe5 Bxe5 27. Rd3
Nc4 28. b3 Qb6+ 29. Kh1 Ng4 30. Rxd8+ Kxd8 31. Qg6 Nxd2 32. Nxd2 Bxc3 33. Qxg5+
Nf6 34. h6 Qa5 35. Qxa5+ Bxa5 36. Rd1 Rxh6+ 37. Kg1 Bb6+ 38. Kf1 Nd5 39. Nc4
Kc7 40. Nxb6 Rh1+ 41. Ke2 Rxd1 42. Na8+ Kb8 43. Kxd1 Kxa8 44. Nd3 Ne3+ 45. Ke2
Nxg2 46. Kf3 Nh4+ 47. Kxf4 Ng6+ 48. Kf5 Ne7+ 49. Ke6 Nd5 50. Kd6 Kb8 51. Nc5
Nb4 52. a3 Nc2 53. a4 Nd4 54. b4 b6 55. Nd7+ Kb7 56. Ne5 Nf5+ 57. Kd7 c5 58.
bxc5 bxc5 59. Ke6 Nd4+ 60. Kd5 Nb3 61. Kc4 Na5+ 62. Kxc5 Nb3+ 63. Kb4 Nd4 64.
Nc4 Ka6 65. Kc5 Nb3+ 66. Kb4 Nd4 67. Nb2 Nc6+ 68. Kc5 Na5 69. Nd3 Nb3+ 70. Kb4
Nd2 71. a5 Ne4 72. Ka4 Nc3+ 73. Kb4 Nd5+ 74. Kc5 Nc3 75. Kb4 Nd5+ 76. Ka4 Nc3+
77. Kb3 Nd5 78. Ka4 Nc3+ 79. Kb4 Nd5+ 80. Kc4 Ne7 81. Kb4 Nc6+ 82. Ka4 Nxa5 83.
Nb4+ Kb6 84. Nd5+ Kc5 85. Kxa5 Kxd5 86. Ka4 Kc5 87. Ka3 Kb5 88. Ka2 Ka4 89. Ka1
Ka3 90. Kb1 a5 91. Ka1 a4 92. Kb1 Kb3 93. Ka1 a3 94. Kb1 a2+ 95. Ka1 Ka3
1/2-1/2

[Event "Internet Section 17-B"]
[Site "Dos Hermanas"]
[Date "2003.03.17"]
[Round "4"]
[White "Hassan, Sayed Barakat"]
[Black "Mekhitarian, Krikor Sevag"]
[Result "1/2-1/2"]
[WhiteElo "2353"]
[BlackElo "2248"]
[PlyCount "35"]
[EventDate "2003.03.17"]
[EventType "swiss (blitz)"]
[EventRounds "9"]
[EventCountry "ESP"]
[SourceTitle "EXT 2004"]
[Source "ChessBase"]
[SourceDate "2003.11.25"]
[SourceVersion "1"]
[SourceVersionDate "2003.11.25"]
[SourceQuality "1"]

1. d4 Nf6 2. c4 g6 3. Nc3 d5 4. Nf3 Bg7 5. Bf4 c5 6. dxc5 Qa5 7. cxd5 Nxd5 8.
Qxd5 Bxc3+ 9. Bd2 Be6 10. Qxb7 Bxd2+ 11. Nxd2 O-O 12. b4 Qa3 13. Qxa8 Rd8 14.
Qe4 Qc3 15. Rd1 Rxd2 16. Rxd2 Qc1+ 17. Rd1 Qc3+ 18. Rd2 1/2-1/2

[Event "Regina Helena Marques 1st"]
[Site "Santos"]
[Date "2003.04.23"]
[Round "2"]
[White "Marques, Vinicius"]
[Black "Mekhitarian, Krikor Sevag"]
[Result "1-0"]
[WhiteElo "2353"]
[BlackElo "2246"]
[PlyCount "53"]
[EventDate "2003.04.22"]
[EventType "tourn"]
[EventRounds "11"]
[EventCountry "BRA"]
[EventCategory "4"]
[SourceTitle "EXT 2004"]
[Source "ChessBase"]
[SourceDate "2003.11.25"]
[SourceVersion "1"]
[SourceVersionDate "2003.11.25"]
[SourceQuality "1"]

1. c4 c5 2. Nf3 Nc6 3. Nc3 g6 4. e3 Bg7 5. d4 d6 6. d5 Bxc3+ 7. bxc3 Na5 8. e4
Nf6 9. e5 dxe5 10. Nxe5 O-O 11. Be2 Ne4 12. Bd3 Nd6 13. Bh6 Re8 14. O-O Bf5 15.
g4 Bxd3 16. Qxd3 f6 17. Nxg6 Nf7 18. Be3 hxg6 19. Qxg6+ Kf8 20. Bh6+ Nxh6 21.
Qxh6+ Kf7 22. Qh7+ Kf8 23. g5 fxg5 24. f4 g4 25. Qf5+ Kg7 26. Qxg4+ Kh7 27. Rf3
1-0

[Event "Regina Helena Marques 1st"]
[Site "Santos"]
[Date "2003.04.24"]
[Round "3"]
[White "Mekhitarian, Krikor Sevag"]
[Black "Coelho, Luis Henrique"]
[Result "0-1"]
[WhiteElo "2246"]
[BlackElo "2409"]
[PlyCount "69"]
[EventDate "2003.04.22"]
[EventType "tourn"]
[EventRounds "11"]
[EventCountry "BRA"]
[EventCategory "4"]
[SourceTitle "EXT 2004"]
[Source "ChessBase"]
[SourceDate "2003.11.25"]
[SourceVersion "1"]
[SourceVersionDate "2003.11.25"]
[SourceQuality "1"]

1. e4 e6 2. d4 d5 3. Nc3 Bb4 4. e5 c5 5. Bd2 Ne7 6. dxc5 Nbc6 7. Qh5 Ng6 8. Nf3
Bxc5 9. Bd3 Nb4 10. O-O b6 11. a3 Nxd3 12. cxd3 Ba6 13. b4 Be7 14. b5 d4 15.
Ne2 Bxb5 16. Nexd4 Bxd3 17. Rfd1 Be4 18. Bg5 Bd5 19. Bxe7 Qxe7 20. Ng5 h6 21.
Nh3 O-O 22. Nf5 Qc7 23. Nd6 Nxe5 24. Qxe5 Rad8 25. Nxf7 Qxf7 26. Rac1 Rc8 27.
Rxc8 Rxc8 28. Nf4 Qc7 29. Qe3 Qc5 30. Qg3 Qc3 31. Qg6 Qc2 32. Qh5 Qe4 33. Qg4
Rc4 34. Nxd5 Qxg4 35. Nf6+ 0-1

[Event "Regina Helena Marques 1st"]
[Site "Santos"]
[Date "2003.04.24"]
[Round "4"]
[White "Mekhitarian, Krikor Sevag"]
[Black "Sega, Carlos Alberto"]
[Result "1/2-1/2"]
[WhiteElo "2246"]
[BlackElo "2315"]
[PlyCount "33"]
[EventDate "2003.04.22"]
[EventType "tourn"]
[EventRounds "11"]
[EventCountry "BRA"]
[EventCategory "4"]
[SourceTitle "EXT 2004"]
[Source "ChessBase"]
[SourceDate "2003.11.25"]
[SourceVersion "1"]
[SourceVersionDate "2003.11.25"]
[SourceQuality "1"]

1. e4 e5 2. Nf3 Nf6 3. Nxe5 d6 4. Nf3 Nxe4 5. Nc3 Nxc3 6. dxc3 Be7 7. Bf4 Nd7
8. Qd2 O-O 9. O-O-O Nc5 10. Nd4 Ne6 11. Be3 Bf6 12. g3 Nxd4 13. Bxd4 Bg4 14.
Be2 Bxe2 15. Qxe2 Re8 16. Qc4 Bxd4 17. Qxd4 1/2-1/2

[Event "Regina Helena Marques 1st"]
[Site "Santos"]
[Date "2003.04.25"]
[Round "5"]
[White "Frare, Fernando Cesar"]
[Black "Mekhitarian, Krikor Sevag"]
[Result "1/2-1/2"]
[WhiteElo "2225"]
[BlackElo "2246"]
[PlyCount "27"]
[EventDate "2003.04.22"]
[EventType "tourn"]
[EventRounds "11"]
[EventCountry "BRA"]
[EventCategory "4"]
[SourceTitle "EXT 2004"]
[Source "ChessBase"]
[SourceDate "2003.11.25"]
[SourceVersion "1"]
[SourceVersionDate "2003.11.25"]
[SourceQuality "1"]

1. Nf3 c5 2. b3 d5 3. Bb2 Nc6 4. e3 Nf6 5. Be2 Bg4 6. O-O e6 7. d4 cxd4 8. Nxd4
Bxe2 9. Qxe2 Bc5 10. Nxc6 bxc6 11. c4 O-O 12. Nd2 Qe7 13. Rac1 Ba3 14. Nf3
1/2-1/2

[Event "Regina Helena Marques 1st"]
[Site "Santos"]
[Date "2003.04.26"]
[Round "6"]
[White "Mekhitarian, Krikor Sevag"]
[Black "Van Riemsdijk, Herman Claudius"]
[Result "1/2-1/2"]
[WhiteElo "2246"]
[BlackElo "2393"]
[PlyCount "108"]
[EventDate "2003.04.22"]
[EventType "tourn"]
[EventRounds "11"]
[EventCountry "BRA"]
[EventCategory "4"]
[SourceTitle "EXT 2004"]
[Source "ChessBase"]
[SourceDate "2003.11.25"]
[SourceVersion "1"]
[SourceVersionDate "2003.11.25"]
[SourceQuality "1"]

1. e4 e5 2. Nf3 Nc6 3. Bb5 a6 4. Ba4 Nf6 5. d3 b5 6. Bb3 Be7 7. Nbd2 d6 8. c3
O-O 9. O-O Re8 10. a4 b4 11. a5 Bf8 12. Ba4 Bd7 13. cxb4 Nxb4 14. Bxd7 Nxd7 15.
Nc4 Nc5 16. Ra3 d5 17. Ncxe5 dxe4 18. dxe4 Qxd1 19. Rxd1 Rad8 20. Rxd8 Rxd8 21.
Bd2 Nxe4 22. Bxb4 Bxb4 23. Ra1 Bc5 24. Rc1 Bxf2+ 25. Kf1 c5 26. Ke2 Re8 27. Nd3
Bd4 28. Nxd4 cxd4 29. Kd1 Kf8 30. Rc4 Ke7 31. Rxd4 Nd6 32. Nb4 Nb7 33. Re4+ Kf8
34. Rxe8+ Kxe8 35. Nxa6 Nxa5 36. Kc2 Kd7 37. b4 Nc4 38. Kd3 Nd6 39. Nc5+ Kc6
40. Kc3 Kd5 41. Kd3 f5 42. Na4 g5 43. Nc3+ Ke5 44. b5 f4 45. b6 g4 46. Na4 Kd5
47. h3 f3 48. Nc3+ Ke5 49. hxg4 fxg2 50. Ne2 Kd5 51. Nf4+ Kc6 52. Nxg2 Nf7 53.
Ke4 Kxb6 54. Nf4 Nh6 1/2-1/2

[Event "Regina Helena Marques 1st"]
[Site "Santos"]
[Date "2003.04.27"]
[Round "7"]
[White "Crosa Coll, Martin"]
[Black "Mekhitarian, Krikor Sevag"]
[Result "1-0"]
[WhiteElo "2425"]
[BlackElo "2246"]
[PlyCount "71"]
[EventDate "2003.04.22"]
[EventType "tourn"]
[EventRounds "11"]
[EventCountry "BRA"]
[EventCategory "4"]
[SourceTitle "EXT 2004"]
[Source "ChessBase"]
[SourceDate "2003.11.25"]
[SourceVersion "1"]
[SourceVersionDate "2003.11.25"]
[SourceQuality "1"]

1. e4 c5 2. Nf3 d6 3. d4 cxd4 4. Nxd4 Nf6 5. Nc3 a6 6. Be3 e5 7. Nb3 Be7 8. f3
Be6 9. Qd2 O-O 10. O-O-O b5 11. Kb1 b4 12. Nd5 Bxd5 13. exd5 a5 14. Bb5 a4 15.
Nc1 Qa5 16. Qe2 Rc8 17. f4 b3 18. cxb3 axb3 19. a4 Rc2 20. Qd3 e4 21. Qxb3 Rxg2
22. Qc4 Nbd7 23. Nb3 Qd8 24. Bc6 Rb8 25. Ba7 Rc8 26. a5 Nh5 27. Qxe4 Rg4 28.
Rhf1 Ne5 29. Bb6 Qf8 30. Nd4 Bf6 31. a6 Ng6 32. Qf5 Rg2 33. Qxc8 Qxc8 34. a7
Bxd4 35. Bxd4 Qf5+ 36. Ka1 1-0

[Event "Regina Helena Marques 1st"]
[Site "Santos"]
[Date "2003.04.27"]
[Round "8"]
[White "Mekhitarian, Krikor Sevag"]
[Black "Neubauer, Martin"]
[Result "1/2-1/2"]
[WhiteElo "2246"]
[BlackElo "2415"]
[PlyCount "44"]
[EventDate "2003.04.22"]
[EventType "tourn"]
[EventRounds "11"]
[EventCountry "BRA"]
[EventCategory "4"]
[SourceTitle "EXT 2004"]
[Source "ChessBase"]
[SourceDate "2003.11.25"]
[SourceVersion "1"]
[SourceVersionDate "2003.11.25"]
[SourceQuality "1"]

1. e4 e5 2. Nf3 Nc6 3. Bb5 a6 4. Ba4 Nf6 5. d3 b5 6. Bb3 Bc5 7. O-O d6 8. c3
O-O 9. Be3 Bg4 10. Nbd2 Qd7 11. h3 Bxf3 12. Qxf3 Kh8 13. Rfd1 Bxe3 14. fxe3 Ng8
15. g4 Nce7 16. Nf1 g6 17. Ng3 f5 18. gxf5 gxf5 19. exf5 Nxf5 20. Nxf5 Qxf5 21.
Qxf5 Rxf5 22. Rf1 Raf8 1/2-1/2

[Event "Regina Helena Marques 1st"]
[Site "Santos"]
[Date "2003.04.28"]
[Round "9"]
[White "Stamenkovic, Dragan"]
[Black "Mekhitarian, Krikor Sevag"]
[Result "1-0"]
[WhiteElo "2309"]
[BlackElo "2246"]
[PlyCount "59"]
[EventDate "2003.04.22"]
[EventType "tourn"]
[EventRounds "11"]
[EventCountry "BRA"]
[EventCategory "4"]
[SourceTitle "EXT 2004"]
[Source "ChessBase"]
[SourceDate "2003.11.25"]
[SourceVersion "1"]
[SourceVersionDate "2003.11.25"]
[SourceQuality "1"]

1. e4 c5 2. Nf3 d6 3. d4 cxd4 4. Nxd4 Nf6 5. f3 a6 6. c4 e6 7. Nc3 Be7 8. Be3
Qc7 9. Be2 b6 10. O-O Bb7 11. Rc1 O-O 12. Qe1 Nbd7 13. g4 Ne5 14. g5 Ne8 15. f4
Nc6 16. Nd5 exd5 17. cxd5 Nxd4 18. Rxc7 Nxe2+ 19. Qxe2 Nxc7 20. Bxb6 Nb5 21.
Rc1 Rac8 22. Rxc8 Rxc8 23. a4 Nc7 24. Qg4 Na8 25. Qd7 Nxb6 26. Qxe7 Ba8 27.
Qxd6 Nxa4 28. Qxa6 Rb8 29. Qxa4 g6 30. b4 1-0

[Event "Regina Helena Marques 1st"]
[Site "Santos"]
[Date "2003.04.29"]
[Round "10"]
[White "Mekhitarian, Krikor Sevag"]
[Black "Molina, Jorge"]
[Result "1/2-1/2"]
[WhiteElo "2246"]
[BlackElo "2274"]
[PlyCount "142"]
[EventDate "2003.04.22"]
[EventType "tourn"]
[EventRounds "11"]
[EventCountry "BRA"]
[EventCategory "4"]
[SourceTitle "EXT 2004"]
[Source "ChessBase"]
[SourceDate "2003.11.25"]
[SourceVersion "1"]
[SourceVersionDate "2003.11.25"]
[SourceQuality "1"]

1. e4 c6 2. d4 d5 3. Nc3 dxe4 4. Nxe4 Bf5 5. Ng3 Bg6 6. Bc4 e6 7. N1e2 Nf6 8.
h4 h6 9. Nf4 Bh7 10. O-O Bd6 11. Nxe6 fxe6 12. Bxe6 Nbd7 13. Re1 Qc7 14. Bg8+
Kf8 15. Bxh7 Rxh7 16. Nf5 g6 17. Bxh6+ Kg8 18. Nxd6 Qxd6 19. Bg5 Re7 20. Rxe7
Qxe7 21. h5 gxh5 22. Qxh5 Nxh5 23. Bxe7 Re8 24. Bg5 Nhf6 25. f3 Kf7 26. Kf2 Kg6
27. Bd2 Nb6 28. b3 Rd8 29. Ke3 Nbd5+ 30. Kd3 c5 31. c4 Ne7 32. d5 Nf5 33. Rh1
Nd7 34. Bf4 Re8 35. g4 Nd4 36. Rh6+ Kg7 37. Rd6 Ne5+ 38. Bxe5+ Rxe5 39. Rd7+
Kf6 40. f4 Re1 41. Rd6+ Ke7 42. Rh6 Rd1+ 43. Ke3 Re1+ 44. Kf2 Re2+ 45. Kg3 Rxa2
46. f5 Rb2 47. Kf4 Rf2+ 48. Kg5 Nf3+ 49. Kg6 Ne5+ 50. Kg7 Nxg4 51. Re6+ Kd7 52.
f6 Nxf6 53. Rxf6 Rg2+ 54. Kf8 b6 55. Rf7+ Kd6 56. Rxa7 Rg3 57. Ke8 Rg8+ 58. Kf7
Rg3 59. Rb7 Rxb3 60. Ke8 Ke5 61. Rh7 b5 62. Rh5+ Kd4 63. d6 bxc4 64. d7 Rb8+
65. d8=Q+ Rxd8+ 66. Kxd8 c3 67. Kc7 c2 68. Rh1 Kd3 69. Kc6 Kd2 70. Kxc5 c1=Q+
71. Rxc1 Kxc1 1/2-1/2